000 00953nam a22003017a 4500
001 7208
003 FISKH
005 20250702143326.0
008 250702b cb ||||| |||| 00| 0 eng d
020 _a9780141365497
040 _aFISKH
_beng
_cFISKH
_dFISKH
050 _aPZ7.D1515 T
082 _a823.914
100 _aDahl, Roald
_d(1916–1990)
245 _aThe twits /
_cRoald Dahl ; Illustrated by Quentin Blake
250 _aThis edition first published in 1980
260 _aCanada :
_bPuffin,
_c1980
300 _a86 pages :
_billustrations ;
_c20 cm
505 _aR
520 _aThe misadventures of two terrible old people who enjoy playing nasty tricks and are finally outwitted by a family of monkeys.
521 8 _a750
_bLexile
521 8 _aR
_bRaz-Plus
650 _2Children's literature
_aMonkeys
650 _2Roald Dahl
_aHumor
700 _aBlake, Quentin
_dillustrator
942 _2ddc
_cBK
_n0
999 _c7208
_d7208